Catálogo
 En Linea

Los dominicos y las encomiendas de indios de la Isla Española / (Registro nro. 27239)

Detalles MARC
000 -CABECERA
campo de control de longitud fija 01515nam a2200337 i 4500
001 - NÚMERO DE CONTROL
campo de control 000027747
003 - IDENTIFICADOR DEL NÚMERO DE CONTROL
campo de control DO-SdBNP
005 - FECHA Y HORA DE LA ÚLTIMA TRANSACCIÓN
campo de control 20250623110848.0
007 - CAMPO FIJO DE DESCRIPCIÓN FÍSICA--INFORMACIÓN GENERAL
campo de control de longitud fija ta
008 - DATOS DE LONGITUD FIJA--INFORMACIÓN GENERAL
campo de control de longitud fija 110404s1971 dr 000 0 spa d
040 ## - FUENTE DE LA CATALOGACIÓN
Centro catalogador/agencia de origen DO-SdBNP
Lengua de catalogación spa
Centro/agencia transcriptor BNPHU
Normas de descripción rda
041 ## - CÓDIGO DE LENGUA
Código de lengua original spa
082 #4 - NÚMERO DE LA CLASIFICACIÓN DECIMAL DEWEY
Número de clasificación 972.9302
Número de documento/Ítem R696d
Número de edición 22
100 1# - ENTRADA PRINCIPAL--NOMBRE DE PERSONA
Nombre de persona Rodríguez Demorizi, Emilio,
Fechas asociadas al nombre 1908-1986
Término indicativo de función/relación autor
Código de función/relación aut.
9 (RLIN) 1039
245 14 - MENCIÓN DE TÍTULO
Título Los dominicos y las encomiendas de indios de la Isla Española /
Mención de responsabilidad, etc. Emilio Rodríguez Demorizi.
264 #1 - PRODUCCIÓN, PUBLICACIÓN, DISTRIBUCIÓN, FABRICACIÓN Y COPYRIGHT
Producción, publicación, distribución, fabricación y copyright Santo Domingo, República Dominicana :
Nombre del de productor, editor, distribuidor, fabricante Academia Dominicana de la Historia ;
-- Editora del Caribe,
Fecha de producción, publicación, distribución, fabricación o copyright 1971.
300 ## - DESCRIPCIÓN FÍSICA
Extensión 399 páginas ;
Dimensiones 23 cm.
336 ## - TIPO DE CONTENIDO
Término de tipo de contenido texto
Código de tipo de contenido txt
Fuente rdacontent
337 ## - TIPO DE MEDIO
Nombre/término del tipo de medio sin mediación
Código del tipo de medio n
Fuente rdamedia
338 ## - TIPO DE SOPORTE
Nombre/término del tipo de soporte volumen
Código del tipo de soporte nc
Fuente rdacarrier
490 0# - MENCIÓN DE SERIE
Mención de serie Academia Dominicana de la Historia
Designación de volumen o secuencia 30
500 ## - NOTA GENERAL
Nota general Incluye índice
504 ## - NOTA DE BIBLIOGRAFÍA, ETC.
Nota de bibliografía, etc. Incluye referencias bibliográficas y notas al pie de las páginas
505 0# - NOTA DE CONTENIDO CON FORMATO
Nota de contenido con formato Homenaje --
Título Introducción --
-- El padre Córdoba --
-- Repartimiento de 1514 --
-- Carta del Lic. Zuazo, 1518--
-- Biografía del Lic. Zuazo por Navarrete --
-- Interrogatorio geronimiano 1517--
-- De la Isla Española, por B. de Las Casas --
-- Índice de personas, lugares y materias.
590 ## - NOTA LOCAL (RLIN)
Nota local Inventariado, 2020/MFF
650 #4 - PUNTO DE ACCESO ADICIONAL DE MATERIA--TÉRMINO DE MATERIA
Término de materia o nombre geográfico como elemento de entrada Encomiendas (América Latina)
9 (RLIN) 54825
650 #4 - PUNTO DE ACCESO ADICIONAL DE MATERIA--TÉRMINO DE MATERIA
Término de materia o nombre geográfico como elemento de entrada Trato a los indigenas
Subdivisión geográfica Hispaniola
9 (RLIN) 54826
651 #4 - PUNTO DE ACCESO ADICIONAL DE MATERIA--NOMBRE GEOGRÁFICO
Nombre geográfico Hispaniola
Subdivisión general Historia
Subdivisión de forma Fuentes
9 (RLIN) 54827
910 ## - DATOS DE OPCIÓN DEL USUARIO (OCLC)
Datos de opción del usuario VMateo. Validado. Control de calidad MFF
942 ## - ELEMENTOS DE PUNTO DE ACCESO ADICIONAL (KOHA)
Fuente del sistema de clasificación o colocación Dewey Decimal Classification
Tipo de ítem Koha Libro
Existencias
Estado de retiro Estado de pérdida Fuente del sistema de clasificación o colocación Restricciones de uso No para préstamo Código de colección Localización permanente Ubicación/localización actual Ubicación en estantería Fecha de adquisición Total de préstamos Signatura topográfica completa Código de barras Fecha visto por última vez Número de copia Precio válido a partir de Tipo de ítem Koha Fuente de adquisición Nota pública
    Dewey Decimal Classification Préstamo en sala   Dominicana de Servicio Biblioteca Nacional Pedro Henríquez Ureña Biblioteca Nacional Pedro Henríquez Ureña Depósito 09.08.2019   BNPHU DS 972.9302 R696d 27747-30 25.06.2020 e.3 25.06.2020 Libro    
    Dewey Decimal Classification Excluido de préstamo   Patrimonio Dominicano Biblioteca Nacional Pedro Henríquez Ureña Biblioteca Nacional Pedro Henríquez Ureña Depósito 04.04.2011   BNPHU PD 972.9302 R696d 27747-10 25.06.2020   25.06.2020 Libro Donación Perteneció a la biblioteca personal de Aída Cartagena Portalatín.
    Dewey Decimal Classification Excluido de préstamo   Patrimonio Dominicano Biblioteca Nacional Pedro Henríquez Ureña Biblioteca Nacional Pedro Henríquez Ureña Depósito 08.06.2011   BNPHU PD 972.9302 R696d 27747-20 25.06.2020 e.2 25.06.2020 Libro Donación Perteneció a la biblioteca personal de Juan Isidro Jimenes Grullón.
    Dewey Decimal Classification Préstamo en sala   Dominicana de Servicio Biblioteca Nacional Pedro Henríquez Ureña Biblioteca Nacional Pedro Henríquez Ureña Depósito 02.06.2025   BNPHU DS 972.9302 R696d 2025-4762 02.06.2025 e.4 02.06.2025 Libro Donado por Ilonka Nacidit Perdomo  

Con tecnología Koha